LEADER 01280nam0-22004211i-450- 001 990005541630203316 005 20060314120000.0 035 $a000554163 035 $aUSA01000554163 035 $a(ALEPH)000554163USA01 035 $a000554163 100 $a20051129d2005-------|0enac50------ba 101 $aeng 102 $aUS 105 $a|||| ||||| 200 1 $aMatrix algebra$fKarim M. Abadir, Jan R. Magnus 210 $aCambridge [etc.]$cCambridge University Press$d2005 215 $axxx, 434 p.$d26 cm. 225 2$aEconometric exercises$v1 410 1$12001$aEconometric exercises$v1 606 $aMatrici (Matematica)$2FI 620 $dCambridge 676 $a512.9434$cMatrici$v21 700 1$aABADIR,$bKarim M.$0299065 701 1$aMAGNUS,$bJan R.$0101872 712 $aCambridge University Press 801 $aIT$bSOL$c20120104 912 $a990005541630203316 950 $aDIP.TO SCIENZE ECONOMICHE - (SA)$dDS 500 512.9434 ABA$e12667 DISES 951 $aDIP.TO SCIENZE ECONOMICHE - (SA)$bDS2005 1F 20051129 951 $a500 512.9434 ABA$b12667 DISES 959 $aBK 969 $aDISES 979 $c20121027$lUSA01$h1533 979 $c20121027$lUSA01$h1613 996 $aMatrix algebra$9742777 997 $aUNISA NUM $aUSA16531 LEADER 02916oam 2200649I 450 001 9910455513303321 005 20200520144314.0 010 $a1-134-56403-1 010 $a1-280-40404-3 010 $a0-203-46879-1 024 7 $a10.4324/9780203468791 035 $a(CKB)111056485545370 035 $a(EBL)166185 035 $a(OCoLC)560012602 035 $a(SSID)ssj0000105312 035 $a(PQKBManifestationID)11127950 035 $a(PQKBTitleCode)TC0000105312 035 $a(PQKBWorkID)10101350 035 $a(PQKB)11496906 035 $a(MiAaPQ)EBC166185 035 $a(Au-PeEL)EBL166185 035 $a(CaPaEBR)ebr10070782 035 $a(CaONFJC)MIL40404 035 $a(OCoLC)50745009 035 $a(EXLCZ)99111056485545370 100 $a20180331d2000 uy 0 101 0 $aeng 135 $aurcn||||||||| 181 $ctxt 182 $cc 183 $acr 200 00$aArchitecturally speaking $epractices of art, architecture, and the everyday /$fedited by Alan Read 210 1$aLondon ;$aNew York :$cRoutledge,$d2000. 215 $a1 online resource (353 p.) 300 $aDescription based upon print version of record. 311 $a0-415-23544-8 311 $a0-415-23543-X 320 $aIncludes bibliographical references and index. 327 $aBook Cover; Title; Contents; Contributors; Introduction; Orienting; Thirdspace: expanding the scope of the geographical imagination; Getting lost and the localized mind; Locating; Public territory; Moving; Country dance; Revealing; Battle lines: E1027; Conceiving; Rappel a l'ordre: the case for the tectonic; Constructing; Internal terrains; Showing; Dear Peter; Changing; @morphous mutations; Prospecting; Planets, comets, and dinosaurs: digital identity in virtual space; Responding; Index 330 $aArchitecturally Speaking is an international collection of essays by leading architects, artists and theorists of locality and space. Together these essays build to reflect not only what it might mean to 'speak architecturally' but also the innate relations between the artist's and architect's work, how they are distinct, and in inspiring ways, how they might relate through questions of built form. This book will appeal to urbanists, geographers, artists, architects, cultural historians and theorists. 606 $aArchitecture$xPhilosophy 606 $aArchitecture and society 606 $aArtists and architects 606 $aCity planning$xPhilosophy 608 $aElectronic books. 615 0$aArchitecture$xPhilosophy. 615 0$aArchitecture and society. 615 0$aArtists and architects. 615 0$aCity planning$xPhilosophy. 676 $a720/.1 701 $aRead$b Alan$f1956-$0930183 801 0$bFlBoTFG 801 1$bFlBoTFG 906 $aBOOK 912 $a9910455513303321 996 $aArchitecturally speaking$92092237 997 $aUNINA